|
|
|
|
| LEADER |
01111nam a2200253 a 4500 |
| 001 |
012176618-7 |
| 008 |
110313s2009 enka b 001 0 eng d |
| 020 |
|
|
|a 9781849160001 (hbk.)
|
| 020 |
|
|
|a 1849160007 (hbk.)
|
| 040 |
|
|
|a UKM
|c UKM
|d YDXCP
|d CDX
|d SINLB
|d BD-DhAAL
|
| 082 |
0 |
4 |
|a 100
|2 22
|
| 100 |
1 |
|
|a Blackburn, Simon,
|d 1944-
|
| 245 |
1 |
4 |
|a The big questions :
|b philosophy /
|c Simon Blackburn.
|
| 260 |
|
|
|a London :
|b Quercus,
|c 2009.
|
| 300 |
|
|
|a 208 p. :
|b ill. ;
|c 22 cm.
|
| 490 |
1 |
|
|a The big questions
|
| 504 |
|
|
|a Includes bibliographical references and index.
|
| 541 |
1 |
|
|e 00022011
|
| 650 |
|
0 |
|a Philosophy
|v Introductions.
|
| 830 |
|
0 |
|a Big questions.
|
| 852 |
|
|
|a Ayesha Abed Library
|c General Shelf.
|
| 999 |
|
|
|c 10534
|d 10534
|
| 952 |
|
|
|0 0
|1 0
|2 ddc
|4 0
|6 100_BLA
|7 0
|9 14663
|a BRACUL
|b BRACUL
|c GEN
|d 2011-03-15
|e TRIM EDUCATION
|g 1725.00
|l 14
|m 43
|o 100 BLA
|p 3010022011
|r 2025-12-30
|s 2025-09-21
|t 1
|w 2011-03-15
|y BK
|
| 952 |
|
|
|0 0
|1 2
|2 ddc
|4 0
|6 100_000000000000000_BLA
|7 0
|9 14664
|a BRACUL
|b BRACUL
|c GEN
|d 2011-03-15
|e TRIM EDUCATION
|g 1725.00
|l 1
|m 19
|o 100 BLA
|p 3010022010
|q 2017-03-27
|r 2012-03-18
|s 2012-03-18
|t 2
|w 2011-03-15
|y BK
|